Il ritorno del prigioniero. (Record no. 4335)

MARC details
000 -LEADER
fixed length control field 00604cam a22002171 4500
001 - CONTROL NUMBER
control field af 48001065
003 - CONTROL NUMBER IDENTIFIER
control field DLC
005 - DATE AND TIME OF LATEST TRANSACTION
control field 20260227110847.0
008 - FIXED-LENGTH DATA ELEMENTS--GENERAL INFORMATION
fixed length control field 900809s1945 it 000 0 ita c
010 ## - LIBRARY OF CONGRESS CONTROL NUMBER
LC control number af 48001065
035 ## - SYSTEM CONTROL NUMBER
System control number (OCoLC)22197919
040 ## - CATALOGING SOURCE
Original cataloging agency Hoover Library
Transcribing agency CSt-H
Modifying agency DLC
042 ## - AUTHENTICATION CODE
Authentication code premarc
050 00 - LIBRARY OF CONGRESS CALL NUMBER
Classification number D811
Item number .T43
100 1# - MAIN ENTRY--PERSONAL NAME
Personal name Terra, Stefano,
Dates associated with a name 1916-
245 13 - TITLE STATEMENT
Title Il ritorno del prigioniero.
260 ## - PUBLICATION, DISTRIBUTION, ETC.
Place of publication, distribution, etc. [Milano]
Name of publisher, distributor, etc. Edizioni U,
Date of publication, distribution, etc. 1945.
300 ## - PHYSICAL DESCRIPTION
Extent 182 p.
Dimensions 18 cm.
440 #0 - SERIES STATEMENT/ADDED ENTRY--TITLE
Title Collana della liberazione,
Volume/sequential designation 3
650 #0 - SUBJECT ADDED ENTRY--TOPICAL TERM
Topical term or geographic name entry element World War, 1939-1945
General subdivision Personal narratives, Italian.

No items available.

Powered by Koha